Playboi Carti Most Popular Songs - Statistics

General Stats
  • This quiz has been taken 134 times
  • The average score is 13 of 20
Answer Stats
No. Album Song Streams % Correct
1 UTOPIA(Travis Scott) FE!N (feat. Playboi Carti) 1,316,453,311
97%
4 Hurry Up Tomorrow (The Weeknd) Timeless (feat Playboi Carti) 897,724,214
97%
3 Playboi Carti Magnolia 969,181,102
93%
5 Whole Lotta Red Sky 885,769,337
93%
7 VULTURES 1 (¥$) CARNIVAL (feat. Rich The Kid, Playboi Carti) 760,950,821
88%
10 WE DON'T TRUST YOU (Future/Metro Boomin) Type Shit 570,082,045
86%
2 - (The Weeknd) Popular (with Playboi Carti & Madonna) - From The Idol Vol. 1 (Music from the HBO Original Series) 1,133,563,934
74%
6 Die Lit Shoota (feat. Lil Uzi Vert) 779,950,600
73%
11 Playboi Carti Location 521,042,771
72%
8 Trip At Knight (Trippie Redd) Miss The Rage 607,235,804
72%
17 Die Lit Long Time - Intro 348,938,567
69%
14 Die Lit R.I.P. 392,899,088
69%
9 Playboi Carti wokeuplikethis* 578,280,258
67%
15 Dark Lane Demo Tapes (Drake) Pain 1993 (with Playboi Carti) 369,929,180
54%
13 Whole Lotta Red ILoveUIHateU 417,576,776
45%
12 Die Lit Fell In Luv (feat. Bryson Tiller) 429,590,280
41%
16 Whole Lotta Red Vamp Anthem 357,033,790
39%
20 Whole Lotta Red New Tank 245,168,502
37%
19 Die Lit Foreign 253,870,257
21%
18 Perfect Ten (Mustard) Baguettes in the Face (feat. NAV, Playboi Carti & A Boogie Wit da Hoodie) 348,285,266
20%
No matching quizzes found
Score Distribution
Percent of People with Each Score
Percentile by Number Answered
Your Score History
You have not taken this quiz